El desafo̕ ťico de la educacin̤

Detalles Bibliográficos
Autor principal: Gracia Calandn̕, Javier
Formato: eBook
Lenguaje:español
Publicado: Madrid: Dykinson, 2018
Materias:
Acceso en línea:Acceso restringido

MARC

LEADER 00000nam a22000007a 4500
005 20190829131537.0
007 cr|||| ||||
008 190829s2018 es |||||s|||| 00||0 spa d
020 |a 978-84-1324-186-9 
035 |a 24159 
040 |a vLex 
090 |c 9326  |d 9326 
100 1 |a Gracia Calandn̕, Javier 
245 1 2 |a El desafo̕ ťico de la educacin̤  |h [Recurso electrn̤ico] /  |c Javier Gracia Calandn̕ 
256 |a Servicio en ln̕ea 
260 |a Madrid:  |b Dykinson,  |c 2018 
300 |a 1 recurso electrn̤ico 
500 |a Una sociedad que no presta atencin̤ a la educacin̤ es una sociedad sin futuro. Pero, qu ̌educacin̤ haya de ser y qu ̌papel deba desempeąr la ťica en ella es un tema que no deja de presentar interrogantes generacin̤ tras generacin̤. Este libro destaca los principales desafo̕s que se le presentan a la sociedad actual y considera cul̀ es el cometido propio de la educacin̤ para afrontarlos. No basta con una declaracin̤ de buenas intenciones y menos si cabe con presuponer que todo el mundo sabe lo que es una “buena educacin̤”. Es necesario concretar cul̀es son los peligros de una enseąnza desprovista de la dimensin̤ ťica y argumentar con solvencia por qu ̌es tan importante no solo instruir profesionales tčnicamente competentes sino que es necesario formar personas ťicamente excelentes, crt̕icas pero tambiň compasivas, ciudadanos verdaderamente responsables y solidarios. Sl̤o desde una educacin̤ plenamente ťica, es decir, no regida por las leyes del mercado sino orientada a la formacin̤ de un buen carc̀ter es posible combatir el desafo̕ educativo ms̀ radical, el de transformar una sociedad de individuos desmoralizados por el de una comunidad de personas con altura moral. 
506 1 |a Disponible solo en los productos indicados  |d vLex Global  |d vLex Global (Academic Edition, excluding Law Schools)  |d vLex Global (U.S. Academic Edition, Law Schools)  |d vLex Global (U.S. Academic Edition, excluding Law Schools)  |d vLex Global (Academic Edition, Law Schools) 
650 0 4 |a Derecho Militar  |z Espaą 
650 0 4 |a Educacin̤  |z Espaą 
740 0 |a vLex Libros (Servicio en ln̕ea) 
856 4 0 |u http://vlex.com/source/desafio-etico-de-la-educacion-24159  |z Acceso restringido 
942 |c BOOK 
999 0 |a Military Law 
999 0 |a Education